| 000 | 00412 a2200145 4500 | ||
|---|---|---|---|
| 005 | 20250626050509.0 | ||
| 020 | _a978-0-07-352606-5 | ||
| 082 | _a808.027 ARN | ||
| 100 | _aARNOLD, T . G | ||
| 245 | _aMedia Writer's Handbook: A guide to Common Writing & Editing Problems | ||
| 250 | _a4th Ed. | ||
| 260 |
_aBoston _bMcGraw-Hill Irwin _c2007. |
||
| 300 |
_axviii,341p. _bIndex, References _c22cm |
||
| 942 |
_2ddc _cBKS |
||
| 999 |
_c5165 _d5165 |
||